banner-ar

دراسات فى علم الاجتماع الاقتصادى والتنمية الاجتماعية / (Record no. 55388)

MARC details
000 -الفاتح
حقل البيانات ثابتة الطول 00704nam a2200217Ia 4500
005 - وقت وتاريخ اخر تعامل مع التسجيلة
رقم الضبط 20240530105353.0
008 - عناصر البيانات ثابتة الطول - معلومات عامة
حقل البيانات ثابتة الطول 140319s9999 xx 000 0 ara d
040 ## - مصدر الفهرسة
وكالة الفهرسة الأصلية GCL /
وكالة النسخ GCL
082 04 - رقم تصنيف ديوى العشرى
رقم التصنيف 301.24
رقم المادة ع د
100 1# - المدخل الرئيسى - إسم شخصى
الإسم الشخصى علياء على شكرى
245 10 - بيان العنوان
العنوان دراسات فى علم الاجتماع الاقتصادى والتنمية الاجتماعية /
بيان المسئوليه,etc علياء على شكرى
260 ## - PUBLICATION, DISTRIBUTION, ETC. (IMPRINT)
تاريخ النشر أو التوزيع 1991
300 ## - الوصف المادى
التعداد 371
650 04 - المدخل الاضافى بالموضوع-مصطلح موضوعى
مصطلح موضوعي الاجتماع
700 1# - المدخل الاضافى - اسم شخصى
الإسم الشخصى محمد الجوهرى
700 1# - المدخل الاضافى - اسم شخصى
الإسم الشخصى سعاد عثمان
700 1# - المدخل الاضافى - اسم شخصى
الإسم الشخصى على ليلة
700 1# - المدخل الاضافى - اسم شخصى
الإسم الشخصى فوزى عبدالرحمن
942 ## - عناصر المدخل الإضافي( كوها)
مصدر التصنيف او مخطط الترفيف Dewey Decimal Classification
Koha [default] item type كتاب
260 ## - PUBLICATION, DISTRIBUTION, ETC. (IMPRINT)
-- [S.N] :
-- دار المعرفة الجامعية ،
Holdings
حالة التراجع حالة الفقد حالة تلف ليس للاعارة المكان المؤقت الموقع الحالى تاريخ الاكتساب اجمالي اﻻعارات رقم الطلب الباركود تاريخ اخر مشاهدة تاريخ تفعيل السعر نوع وعاء كوها مصدر التصنيف او خطة الترفيف موقع الترفيف
        مكتبة القاهرة الكبرى مكتبة القاهرة الكبرى 03/26/2014   301.24\ع د 133066 03/26/2014 03/26/2014 كتاب    
        مكتبة القاهرة الكبرى مكتبة القاهرة الكبرى 11/02/2019   301.24 ع د 166694 11/02/2019 11/02/2019 كتاب ddc القاعة الرئيسية

Powered By

EGPV